| 000 | 00557nam a2200181Ia 4500 | ||
|---|---|---|---|
| 001 | 16621 | ||
| 005 | 20260306170323.0 | ||
| 008 | 260306t2023||||xx |||||||||||||| ||und|| | ||
| 041 | _aESP | ||
| 082 |
_a348.8 _bP97 |
||
| 100 |
_aPuntriano Rosas, César, _eAUT |
||
| 245 | 0 |
_aLas tecnologías de la información y de las comunicaciones y las relaciones de trabajo : _brelevancia jurídica y operativa de las TIC en el ambito laboral |
|
| 260 | _c2023 | ||
| 300 |
_a207 páginas : _c25 cm. |
||
| 650 | _aGEN | ||
| 654 | _aCDE | ||
| 942 |
_cLIB _dJUS _fJUS _2ddc _n |
||
| 999 |
_c16621 _d16621 |
||